000 00557nam a2200217 a 4500
999 _c8302
_d8302
001 8302
003 BD-JhCC
005 20181006092144.0
008 180220b1966 bg |||| |||| 000 0 eng d
035 _a(BD-JhCC) 8302
040 _aBD-JhCC
_dBD-JhCC
041 _aeng
082 _a541
_bALI 1966
100 _aAli, Khundkar Anwar
245 _aElementary physical chemistry /
_c Khundkar Anwar Ali
260 _aDhaka :
_bMULLICK BROTHERS,
_c1966
300 _a208 p .:
_c22 cm .
650 _aChemistry, Physical
942 _2ddc
_cBK